00870nmc a2200289 a 4500003000900000005001700009008004100026040001300067100002900080245006600109260003400175300001100209490004000220500003700260650002800297650002400325650003200349650002900381650002300410651001100433651001200444651001400456653002500470700002400495800003400519800002700553AR-BaBNM20251128203050.0056019s1965 ||||||||||||||000 | spa|| cAR-BaBNM1 aCirigliano, Gustavo F.J.10aIdeas y antecedentes para una reforma de la enseñanza media aBuenos AiresbTheoríac19650 a266 p. 0aBiblioteca argentina de pedagogía0 aContiene legislación educativa 4aREFORMA DE LA EDUCACION 4aEDUCACION COMPARADA 4aFINALIDADES DE LA EDUCACION 4aHISTORIA DE LA EDUCACION 4aPOLITICA EDUCATIVA 4aItalia 4aFrancia 4aArgentina aEDUCACION SECUNDARIA1 aZanotti, Luis Jorge1 aZanotti, Luis Jorgeedirector1 aMayochi, Enrique Mario